000 00986nam a2200253 a 4500
001 000004196
003 DO-SdBNP
005 20240430112445.0
008 090720s2000 dr a 001 0 spa d
040 _aDO-SdBNP
_bspa
_cBNPHU
082 4 _a335.5
_bI73r, 2000
_222
100 1 _aIsa Conde, Narciso,
_d1942-
_912387
245 1 0 _aRearmando la utopía :
_bdel neoliberalismo global al nuevo socialismo mundial /
_cNarciso Isa Conde.
250 _a2ª ed.
260 _aSanto Domingo :
_bTropical,
_c2000.
300 _axv, 337 p. :
_bil. ;
_c22 cm.
500 _aIncluye datos biográficos del autor en la contraportada.
650 4 _aSocialismo y sociedad
_912388
_vEnsayos, conferencias, etc.
650 4 _aNeoliberalismo
_912389
_vEnsayos, conferencias, etc.
650 4 _aFormas de gobierno
_912390
_vEnsayos, conferencias, etc.
650 4 _aSistemas políticos
_xHistoria
_ySiglo XX
_912391
_vEnsayos, conferencias, etc.
910 _aValidado. Control de calidad
942 _2ddc
_cLBS1
999 _c4011
_d4011